| 000 | 00838nam a22002657a 4500 | ||
|---|---|---|---|
| 999 |
_c133205 _d133205 |
||
| 003 | dpl | ||
| 005 | 20181103171117.0 | ||
| 008 | 181103b ||||| |||| 00| 0 eng d | ||
| 010 | _aB-163993,B-164005 | ||
| 020 |
_c150.00 _a8176569925 |
||
| 035 | _aB-163993,B-164005 | ||
| 037 | _bCen Lib/Ret | ||
| 040 |
_aDPL _bEN _c0 |
||
| 082 |
_a004.65 _bCIC |
||
| 100 |
_aCiccarelli, Patrick _937165 |
||
| 245 |
_aNetworking foundations / _cby Patrick Ciccarelli [and] Christina Faulkner |
||
| 260 |
_aNew Delhi _bBPB Publications _c2006 |
||
| 270 |
_bNew Delhi _e110001 _aB-14, Cannaught Place |
||
| 300 |
_axv,351p. : _c24cm(Hb) _bill. |
||
| 500 | _aIncludes index | ||
| 650 |
_aComputer networks _98333 |
||
| 650 |
_aTelecommunication _9107652 |
||
| 700 |
_aFaulkner, Christina _937167 |
||
| 942 |
_2ddc _cEN _h004.65 _mCIC |
||